000 00288pab a2200121 454500
008 180718b xxu||||| |||| 00| 0 eng d
100 _aKarat Prakash
245 _aA multi-membewr poll panel
362 _a21 Jun 1994, p.8
650 _aElections -- India
773 _aHindu
909 _a26701
999 _c26701
_d26701